书目信息 |
| 题名: |
郭沫若散文
|
|
| 作者: | 郭沫若 著 | |
| 分册: | ||
| 出版信息: | 呼伦贝尔 内蒙古文化出版社 2009.11 |
|
| 页数: | 304页 | |
| 开本: | 26cm | |
| 丛书名: | 学生阅读经典 | |
| 单 册: | ||
| 中图分类: | I266 | |
| 科图分类: | ||
| 主题词: | 散文--作品集--中国--现代 , 散文--作品综合集--中国 | |
| 电子资源: | ||
| ISBN: | 978-7-80675-402-3 | |
| 000 | 00701nam 2200241 450 | |
| 001 | 1136237249 | |
| 005 | 20111230105620.68 | |
| 010 | @a978-7-80675-402-3@dCNY38.80 | |
| 100 | @a20111230d2009 km y0chiy0120 ea | |
| 101 | 0 | @achi |
| 102 | @aCN@b150000 | |
| 105 | @ay z 000cy | |
| 200 | 1 | @a郭沫若散文@Aguo mo ruo san wen@f郭沫若著@Fguo mo ruo zhu |
| 210 | @a呼伦贝尔@c内蒙古文化出版社@d2009.11 | |
| 215 | @a304页@d26cm | |
| 225 | 2 | @a学生阅读经典 |
| 410 | 0 | @12001 @a学生阅读经典 |
| 606 | 0 | @a散文@x作品集@y中国@z现代 |
| 606 | 0 | @a散文@x作品综合集@x中国 |
| 690 | @aI266@v5 | |
| 701 | 0 | @a郭沫若@Aguo mo ruo@4著 |
| 801 | 0 | @aCN@bTYGS@c20111230 |
| 905 | @a郑州市财税学校图书馆@dI266@eG817@f3 | |
| 郭沫若散文/郭沫若著.-呼伦贝尔:内蒙古文化出版社,2009.11 |
| 304页;26cm.-(学生阅读经典) |
| ISBN 978-7-80675-402-3:CNY38.80 |
| ● |
| 相关链接 |
|
|
|
正题名:郭沫若散文
索取号:I266/G817
 
预约/预借
| 序号 | 登录号 | 条形码 | 馆藏地/架位号 | 状态 | 备注 |
| 1 | 1190940 | 211909407 | 文学库116/116文学库 1排4列4层/ [索取号:I266/G817] | 在馆 | |
| 2 | 1190941 | 211909416 | 文学库116/116文学库 1排4列4层/ [索取号:I266/G817] | 在馆 | |
| 3 | 1190942 | 211909425 | 社科二线422/422社科库 49排1列1层/ [索取号:I266/G817] | 在馆 |